000 00696nam a2200229Ia 4500
001 21800
005 20260407162824.0
008 260320s9999||||xx |||||||||||||| ||und||
022 _a23134828
041 _aESP
082 _aHR 346 SET 2025
_bACI
110 _aInstituto Pacífico
245 0 _aActualidad civil :
_brevista de derecho civil, procesal civil registral e inmobiliario
260 _aLima :
_bInstituto Pacífico,
_c2025
300 _a316 páginas :
_btablas ;
_c25 cm.
505 _aN° 135 (2025)
650 _aCIS
653 _aDerecho - Revista
654 _aDER
856 _uhttps://actualidadcivil-pe.ucsp.lookproxy.com/
_zVersión digital
942 _cREV
_dJUS
_fMAT
_2ddc
999 _c21800
_d21800